MARC details
| 000 -CABECERA |
| campo de control de longitud fija |
01193cam a2200313 a 4500 |
| 001 - NÚMERO DE CONTROL |
| campo de control |
000014597 |
| 005 - FECHA Y HORA DE LA ÚLTIMA TRANSACCIÓN |
| campo de control |
20200929163855.0 |
| 008 - DATOS DE LONGITUD FIJA--INFORMACIÓN GENERAL |
| campo de control de longitud fija |
030811s2003 pr ac b 001 0 spa d |
| 020 ## - NÚMERO INTERNACIONAL ESTÁNDAR DEL LIBRO |
| Número Internacional Estándar del Libro |
1567589618 |
| 040 ## - FUENTE DE LA CATALOGACIÓN |
| Centro catalogador/agencia de origen |
DO-SdBNP |
| Centro/agencia transcriptor |
DLC |
| Centro/agencia modificador |
BNPHU |
| 042 ## - CÓDIGO DE AUTENTICACIÓN |
| Código de autenticación |
pcc |
| 043 ## - CÓDIGO DE ÁREA GEOGRÁFICA |
| Código de área geográfica |
nwpr--- |
| 082 ## - NÚMERO DE LA CLASIFICACIÓN DECIMAL DEWEY |
| Número de clasificación |
972.953058 |
| Número de documento/Ítem |
R364s |
| 049 ## - FONDOS LOCALES (OCLC) |
| Fondos de biblioteca |
BNGR |
| 100 1# - ENTRADA PRINCIPAL--NOMBRE DE PERSONA |
| Nombre de persona |
Reina Pérez, Pedro A. |
| 9 (RLIN) |
33048 |
| 245 13 - MENCIÓN DE TÍTULO |
| Título |
La semilla que sembramos : |
| Resto del título |
autobiografía del proyecto nacional / |
| Mención de responsabilidad, etc. |
Pedro A. Reina Pérez ; prólogo Rosa Guzmán Merced ; editor Francisco M. Vázquez. |
| 260 ## - PUBLICACIÓN, DISTRIBUCIÓN, ETC. |
| Lugar de publicación, distribución, etc. |
San Juan, Puerto Rico : |
| Nombre del editor, distribuidor, etc. |
Centro de Estudios Avanzados de Puerto Rico y El Caribe, |
| -- |
Cultural, |
| Fecha de publicación, distribución, etc. |
2003. |
| 300 ## - DESCRIPCIÓN FÍSICA |
| Extensión |
176 p. : |
| Otras características físicas |
il. ; |
| Dimensiones |
23 cm. |
| 490 1# - MENCIÓN DE SERIE |
| Mención de serie |
Ambos mundos |
| 500 ## - NOTA GENERAL |
| Nota general |
Entrevista de Pedro A. Reina Pérez y Ricardo Alegría Gallardo. |
| 504 ## - NOTA DE BIBLIOGRAFÍA, ETC. |
| Nota de bibliografía, etc. |
Incluye bibliografía e índice. |
| 651 #4 - PUNTO DE ACCESO ADICIONAL DE MATERIA--NOMBRE GEOGRÁFICO |
| Nombre geográfico |
Puerto Rico |
| Subdivisión general |
Características Nacionales |
| 9 (RLIN) |
33049 |
| 650 #4 - PUNTO DE ACCESO ADICIONAL DE MATERIA--TÉRMINO DE MATERIA |
| Término de materia o nombre geográfico como elemento de entrada |
Historiadores |
| Subdivisión geográfica |
Puerto Rico |
| 9 (RLIN) |
33050 |
| 700 1# - PUNTO DE ACCESO ADICIONAL--NOMBRE DE PERSONA |
| Nombre de persona |
Alegria, Ricardo E. |
| 9 (RLIN) |
16236 |
| 700 1# - PUNTO DE ACCESO ADICIONAL--NOMBRE DE PERSONA |
| Nombre de persona |
Guzmán Merced, Rosa |
| Término indicativo de función/relación |
pról. |
| 9 (RLIN) |
33051 |
| 700 1# - PUNTO DE ACCESO ADICIONAL--NOMBRE DE PERSONA |
| Nombre de persona |
Vázquez, Francisco M. |
| Término indicativo de función/relación |
ed. |
| 9 (RLIN) |
21762 |
| 830 #0 - PUNTO DE ACCESO ADICIONAL DE SERIE-TÍTULO UNIFORME |
| Título uniforme |
Ambos mundos |
| 9 (RLIN) |
19310 |
| 910 ## - DATOS DE OPCIÓN DEL USUARIO (OCLC) |
| Datos de opción del usuario |
Catalogación por copia / LC |